Регионална библиотека "Любен Каравелов" - Русе

Кръвна линия | Следотърсачът (Запис номер 133163)

MARC детайли
000 -Лидер
Контролно поле с фиксирана дължина 01708nam a2200397 c 4500
003 - Код на организацията, давaща контролен номер
Контролно поле BLK
005 - Дата и час на последна редакция
Контролно поле 20250722104814.0
008 - Елементи от данни с фиксирана дължина
fixed length control field 180409b bul|||||r ||||||| ||bul||
010 ## - Наследен системен номер
LC control number KNG00139053000
020 ## - Международен стандартен номер на книга ISBN
Международен стандартен номер на книга ISBN 978-954-655-331-7
-- издат.: Бард
040 ## - Източник на каталожния запис
Идентификатор на билиотеката - собственик на записа BLK
041 ## - Код за език
Код за езика на текст/звукозапис или на отделно заглавие Български
Код за езика КДБФ Български
072 #7 - Код за тематичната категория
Код организация bullib
Код за тематична категория Н83
Текст Чужда художествена литература Н
080 ## - УДК
Текстов определител УДК Американска литература (на САЩ)
УДК код - определител по УДК 821.111(73)
УДК определител -312.4
УДК - код + определител 821.111(73)-312.4
100 1# - Редна дума - Автор
Автор Ролинс, Джеймс
Авторска отговорност първи автор
Автор - информация (биография) Чайковски, Джим
R(LIN) 116829
139 ## - Редно поле
Редна дума Ролинс, Джеймс
Авторски знак Роле - Р 82
245 10 - Сведения за заглавието
Заглавие Кръвна линия
Подзаглавни данни Роман
Редно поле (дума) Джеймс Ролинс; прев. от англ. Венцислав Божилов; прев. от англ. Крум Бъчваров.
245 10 - Сведения за заглавието
Заглавие Следотърсачът
Подзаглавни данни
Редно поле (дума)
257 ## - Страна на издаване
Страна на създаване/издаване Съединени американски щати
260 ## - Област на издателските данни
-- София
Име на издателя, разпространителя и проч. Бард
Година на издаване 2012
Печатница Хасково : Полиграфюг
300 ## - Физическа характеристика
Страници 575 с.
Размери/Мащаб 20 см
380 ## - Жанр
Жанр Худож. лит.
490 1# - СЕРИИ (Колекции)
Име на серия Кралете на трилъра
500 ## - Общи забележки
Забележка Ориг. загл. Bloodline / James Rollins. - Джеймс Ролинс - псевд. на James Czajkovski.
653 ## - Ключова дума – ненормативна
Ключова дума трилъри
653 ## - Ключова дума – ненормативна
Ключова дума романи
659 ## - Тематичен бюлетин
Тематичен бюлетин Н
700 1# - Други автори (авторска отговорност)
Лично име Божилов, Венцислав
Автороска отговорност (Описва отношението между автора и произведението) прев. от англ.
9 (RLIN) 366151
700 1# - Други автори (авторска отговорност)
Лично име Бъчваров, Крум
Автороска отговорност (Описва отношението между автора и произведението) прев. от англ.
9 (RLIN) 364186
852 ## - Местоположение
Форматна сигнатура Цб 258174
856 4# - Електронен адрес и достъп
Електронен формат pdf - файл
Път до файла /url/
856 4# - Електронен адрес и достъп
Електронен формат pdf - файл
Път до файла /url/
942 ## - АРТИКУЛИ
Вид на библиотечния материал Книги
Скрит в OPAC Не
Koha issues (borrowed), all copies 69
944 ## - СЪЗДАВАНЕ И РЕДАКЦИЯ на ЗАПИСА
Създаване/Редакция Създаване
Дата на регистрацията/редакция 06.02.2013
Статус, дата на статуса Цветомила Тодорова
Служител, извършил регистрацията/редакцията 30576
944 ## - СЪЗДАВАНЕ И РЕДАКЦИЯ на ЗАПИСА
Създаване/Редакция Редакция
Дата на регистрацията/редакция 14.06.2017
Статус, дата на статуса ф /
Служител, извършил регистрацията/редакцията Людмила_Стоянова
999 ## - СИСТЕМНИ КОНТРОЛНИ НОМЕРА
Koha biblionumber 133163
Koha biblioitemnumber 133163
Наличности
Код за отписване Код за изгубен артикул Източник на класификационната схема Код за повреда Коз за рестрикции Код за отдаване Артикулен № Име на библиотеката - собственик Име на библиотеката, в която се намира в момента Статус (Текущо местоположение) Дата на вписване в системата Местоположение - отдел Цена в лева Инвентарен номер Систематично азбучна сигнатура Баркод Номер на екземпляра Цена в евро Служебна бележка Служебен тип на артикула
Изтеглен Не е изгубен Universal Decimal Classification Не е повреден без рестрикции заемане за дома 217216 Регионална библиотека "Любен Каравелов" Русе Регионална библиотека "Любен Каравелов" Русе Дубликат 2013-02-07 Заемна - подръчен фонд 15.99 120000763546 П 820(73)-31/Р 82 120000763546 1 8.18 Дост: DA Вид: А N: 1 Дата: 07.02.2013 Дата инв: 13.02.2018 Бележки инв: П2018 Книги
  Не е изгубен Universal Decimal Classification Не е повреден без рестрикции заемане за дома 217217 Регионална библиотека "Любен Каравелов" Русе Регионална библиотека "Любен Каравелов" Русе Заемна - подръчен фонд 2013-02-07 Заемна - подръчен фонд 15.99 120000763547 П 821-31/Р 82 120000763547 2 8.18 Дост: DA Вид: А N: 1 Дата: 07.02.2013 Дата инв: 13.02.2018 Бележки инв: П2018 Книги
  Не е изгубен   Не е повреден без рестрикции ползва се в читалня 217218 Регионална библиотека "Любен Каравелов" Русе Регионална библиотека "Любен Каравелов" Русе Хранилище 2014-02-20 Хранилище 15.99 120000774878 Цб 258174 120000774878 3 8.18 Дост: Dp Вид: Д N: 7 Дата: 20.02.2013 Книги
  Не е изгубен Universal Decimal Classification Не е повреден без рестрикции заемане за дома 217219 Регионална библиотека "Любен Каравелов" Русе Регионална библиотека "Любен Каравелов" Русе Заемна - подръчен фонд 2017-05-26 Заемна - подръчен фонд 17.99 120000811574 П 820(73)-31/Р 82 120000811574 4 9.20 Дост: Pk Вид: Ф N: 490 Дата: 26.05.2017 Книги
Vip Innovations Ltd, Rousse, Bulgaria 2025